| 000 | 00893nam a2200253Ia 4500 | ||
|---|---|---|---|
| 003 | OSt | ||
| 005 | 20221005104021.0 | ||
| 006 | a|||||r|||| 00| 0 | ||
| 007 | ta | ||
| 008 | 221004b |||||||| |||| 00| 0 hin d | ||
| 024 | _a107594 | ||
| 037 | _cTextual | ||
| 040 |
_aCRL _cCRL _bhin |
||
| 041 |
_2hin _ahin |
||
| 082 | _aO152:gN, P2 | ||
| 100 | _aसाहा, रणजीत | ||
| 245 | 0 |
_aयुग संधि के प्रतिमान _b रवीन्द्रनाथ से रामविलास तक |
|
| 246 | _aYug sandhi ke pratimāna: ravīndranāth se rāmavilās taka | ||
| 260 |
_aदिल्ली _bग्रंथलोक भारत _c2002 |
||
| 300 |
_a320पृ0 _ccm. |
||
| 650 | _aहिन्दी साहित्य | ||
| 942 |
_hO152:gN, P2 _cTEXL _2cc |
||
| 999 |
_c1011506 _d1011506 |
||